000 00369nam a22001457a 4500
003 MACL
005 20200320155949.0
008 200320b xxu||||| |||| 00| 0 eng d
040 _cMACL
100 _aGokhale,Nitin A.
_917480
245 _aR.N. KAO Gentleman Spymaster
260 _aNew Delhi
_bBloomsbury Pub,
_c2019
650 _aMotivational
_917686
942 _2ddc
_cBK
999 _c62459
_d62459